Ezüst signum laudis

Barnabáš (Barnabáš) Gál, nadporučík 39. domobraneckého poľného húfnicovéhoho pluku [M. kir. 39 honvédtábori tarackezred], bol v júni 1917 vyznamenaný striebornou záslužnou vojenskou medailou (tzv. Signum laudis). Pochádzal z Gemersko-malohontskej župy.

Podrobná bibliografia
Médium: Článok
Jazyk:Hungarian
Témy:
Zdroj: 1. Murányvölgye : Szépirodalmi, társadalmi és közgazdasági hetilap 1. Roč. 7, č. 26 (01.07.1917) s. 2
LEADER 01178nab#a2200289#ar4500
001 000071271
003 SVKKK
005 20010202xxxxxxx.
008 06 c xo huno
FMT
038 |a SVKKK 
040 |a SVKKK  |b slo  |e AACR2 
041 0 |a hun 
044 |a xo  |c SK 
080 |a 331.97:355/359 
242 1 0 |a Strieborný Signum laudis 
245 0 0 |a Ezüst signum laudis 
520 2 |a Barnabáš (Barnabáš) Gál, nadporučík 39. domobraneckého poľného húfnicovéhoho pluku [M. kir. 39 honvédtábori tarackezred], bol v júni 1917 vyznamenaný striebornou záslužnou vojenskou medailou (tzv. Signum laudis). Pochádzal z Gemersko-malohontskej župy. 
650 0 4 |a Gál, Barnabáš (nadporučík) - Pluk domobranecký húfnicový poľný (39.) - pôsobenie - Gemersko-malohontská župa - pôvod - jún 1917 - medaila vojenská záslužná (strieborná) - udelenie - správy 
773 0 |t Murányvölgye : Szépirodalmi, társadalmi és közgazdasági hetilap  |g Roč. 7, č. 26 (01.07.1917) s. 2 
957 |a Gemersko-malohontská župa 
958 |a DG 
958 |a SK 
974 |a ebl  |d 20010202 
992 |a RBX 
BAS
998 |a RETRO